000 00210 a2200109 4500
020 _a9780545220798
041 _aspa
100 _aBarner, Bob
245 _a!InsectosŁ !InsectosŁ
942 _cBK
952 _71
999 _c25346
_d25346